000 00301nam a22001097a 4500
003 OSt
008 250106b |||||||| |||| 00| 0 eng d
041 _aeng
245 _aInstructional Sketches for Engineering Drawing
260 _aCalicut:
_bEngineering College Students Cooperative Society
942 _cBK
999 _c18960
_d18960